Secrets of Software quality : 40 Innovations from IBM

Αποθηκεύτηκε σε:
Λεπτομέρειες βιβλιογραφικής εγγραφής
Κύριος συγγραφέας: Kaplan, Craig
Άλλοι συγγραφείς: Clark, Ralph, Tang, Victor
Μορφή: Βιβλίο
Γλώσσα:English
Δημοσίευση: New York : McGraw-Hill, c1995
Θέματα:
Ετικέτες: Προσθήκη ετικέτας
Δεν υπάρχουν, Καταχωρήστε ετικέτα πρώτοι!

MARC

LEADER 00000nam a2200000 i 4500
001 1/49846
008 950913s1995 eng d
020 |a 0-07-911795-3 
035 |1 ΕΛΗ  |a 1995  |b 1807  |c ΚΑΤΣΙΚΑΣ  |l 10043719 
040 |a GR-MY-UA  |b gre  |e aacr 
041 0 |a eng 
082 0 |a 005.10685 
100 1 |a Kaplan, Craig. 
245 1 0 |a Secrets of Software quality :  |b 40 Innovations from IBM /  |c Craig Kaplan, Ralph Clark, Victor Tang 
260 |a New York :   |b McGraw-Hill,   |c c1995 
300 |a 383 p.;  |b ill., maps;  |c 25 cm.+  |e 1 computer disk (3 1/2 in.) 
500 |a System requirements for computer disk: IBM-compatible PC with 386 microprocessor ore better; 4MBV RAM; OS/2 version 2.1 or Windows 3.1 or higher; high-density floppy disk drive; hard disk with 4MB free space; mouse. 
504 |a Includes bibliographical references and index 
650 0 0 |a Computer software  |x Quality control. 
700 1 |a Clark, Ralph. 
700 1 |a Tang, Victor. 
852 |a INST  |b SAMOS  |e 19950913  |h 005.10685 KAP  |p 005300009226  |q 005300009226  |t BK  |y 0 
852 |a INST  |b SAMOS  |e 19981110  |h 005.10685 KAP   |p 005300013927  |q 005300013927  |t BK  |y 0 
901 |a BIBL-1997-1 
909 |a Σ  |b 049382 
909 |a Σ  |b 049994